[Event "14th SRB-ch 2020"]
[Site "Vrnjacka Banja"]
[Date "2020.12.08"]
[Round "3.2"]
[White "Budisavljevic, Luka"]
[Black "Markus, Robert"]
[Result "1/2-1/2"]
[WhiteElo "2492"]
[BlackElo "2592"]
[Annotator "TA"]
[PlyCount "108"]
[EventDate "2020.12.07"]
[EventType "tourn"]
[EventCountry "SRB"]

{[%evp 9,108,27,41,0,0,-15,31,-1,0,-19,-15,0,-6,-28,-30,-23,-21,-47,-25,-62,-72,-79,-67,-72,-60,-56,-60,-92,-69,-75,-32,-90,-95,-90,-91,-95,-95,-95,-95,-95,-91,-94,-91,-120,-117,-109,-103,-122,-114,-137,-124,-120,-117,-161,-147,-181,-131,-154,-155,-147,-41,-68,0,0,0,0,0,0,0,0,0,0,7,7,8,0,0,0,0,0,0,0,0,0,0,0,0,0,0,0,0,0,0,0,0,0,0,0,0,0,0]} 1. d4 Nf6 2. Bf4 d6 3. Nc3 Nbd7 4. Nf3 c5 5. d5 Qa5 {[#]} 6. a4 $146 {A45: Trompowsky Attack.} ({Predecessor:} 6. Bd2 g6 7. e4 Bg7 8. a4 O-O 9. Bc4 a6 10. O-O Rb8 11. Qe2 Qd8 12. h3 {0-1 (71) Ostrovskiy,A (2425)-Chigaev,M (2588) chess.com INT 2020}) 6... Ne4 7. Qd3 Nxc3 (7... Qb4 {is more complex.} 8. Bc1 Ndf6 9. Bd2 g6 10. Nxe4 Qxe4 11. Bc3 Qxd3 12. cxd3 Bg7) 8. bxc3 {White is slightly better.} g6 9. e4 Bg7 10. Bd2 O-O 11. Be2 c4 12. Qxc4 Nc5 13. Bd3 Bd7 14. Ra3 {[#]} b5 $1 {[%mdl 512]} 15. Qb4 (15. axb5 Qxa3) 15... Nxd3+ 16. cxd3 Qxb4 17. cxb4 bxa4 18. Bc3 $1 Rfc8 19. Kd2 Rab8 20. Rb1 {[#]} (20. Bxg7 $15 Kxg7 21. Rb1) 20... a5 $1 $17 {[%mdl 512]} 21. b5 (21. bxa5 Bxc3+) 21... Bh6+ ({Reject} 21... Bxb5 22. Bxg7 Kxg7 23. Nd4 $11) 22. Kc2 Bxb5 ({Of course not} 22... Rxb5 $6 23. Rxb5 Bxb5 24. Nd4 $11) 23. Rb2 Bg7 24. Kd2 Bd7 25. Rxb8 Rxb8 26. Bxg7 Kxg7 {[%mdl 4096] Endgame KRB-KRN} 27. Kc2 Rb4 28. Nd2 Bb5 29. Ra1 Kf6 30. Kc3 g5 31. h3 h5 32. g3 Bd7 33. h4 gxh4 34. gxh4 Rb8 (34... e6 $17 35. d4 e5 36. dxe5+ Kxe5) 35. Rg1 Rc8+ ({Better is} 35... e6 $15 36. Rg5 Rb5) 36. Nc4 $11 {The position is equal.} Bb5 37. f4 Bxc4 38. dxc4 {KR-KR} e6 {Hoping for ...exd5.} 39. Rg5 a3 40. dxe6 a2 $132 {[%mdl 2048] Black puts up resistance} 41. Rxa5 {aiming for exf7.} fxe6 42. e5+ (42. Kd4 {feels hotter.} e5+ 43. fxe5+ dxe5+ 44. Kc3 Rg8 45. Rxa2 Rg4 46. Re2) 42... dxe5 43. fxe5+ Kf5 44. Rxa2 Kxe5 45. Ra5+ Kf4 46. Rxh5 e5 47. Rh7 Re8 48. Rf7+ Kg4 49. Kd3 {Strongly threatening Ke4.} Rd8+ 50. Ke3 Rc8 51. Kd3 Rd8+ 52. Kc3 Re8 53. Rf1 Kxh4 54. Kd3 Rd8+ {Weighted Error Value: White=0.10/Black=0.10} 1/2-1/2

[Event "14th SRB-ch 2020"]
[Site "Vrnjacka Banja"]
[Date "2020.12.08"]
[Round "3.3"]
[White "Ivanisevic, Ivan"]
[Black "Indjic, Aleksandar"]
[Result "0-1"]
[WhiteElo "2608"]
[BlackElo "2604"]
[Annotator "TA"]
[PlyCount "64"]
[EventDate "2020.12.07"]
[EventType "tourn"]
[EventCountry "SRB"]

{[%evp 9,64,6,5,4,18,26,27,6,8,4,8,13,8,0,0,0,0,0,0,0,0,0,0,-2,0,-36,-25,-37,0,0,0,0,0,-45,-48,-37,-48,-62,0,-35,-18,-60,-74,-84,-87,-137,-136,-106,-71,-457,-450,-563,-505,-488,-338,-1197,-1118]} 1. d4 Nf6 2. Nf3 e6 3. Nbd2 d5 4. e3 b6 5. b3 Bd6 6. Bb2 {D02: 1 d4 d5 2 Nf3 sidelines, including 2...Nf6 3 g3 and 2...Nf6 3 Bf4.} c5 7. Bb5+ {[#]} Nbd7 $146 ({Predecessor:} 7... Bd7 8. Bd3 Bc6 9. Ne5 Bxe5 10. dxe5 Nfd7 11. O-O Nf8 12. f4 Nbd7 13. c4 Qc7 14. cxd5 exd5 {1-0 (32) Erushev,G (2443)-Abramov,A (2282) Nizhnij Tagil 2007}) 8. c4 {White has an edge.} O-O 9. cxd5 exd5 10. O-O Bb7 11. Rc1 Qe7 12. Rc2 a6 13. Bd3 Ne4 14. dxc5 bxc5 15. Bxe4 dxe4 16. Nc4 Bc7 17. Ne1 Rad8 18. Rd2 f5 19. g3 Nf6 20. Ng2 g5 21. h4 h6 22. Rxd8 Rxd8 23. Qe2 Kf7 ({Better is} 23... Ng4 $15) 24. Rd1 (24. Bxf6 $5 Kxf6 25. Nb2 $15) 24... Bd5 25. Rd2 Ng4 26. Qd1 Bxc4 27. bxc4 Rxd2 28. Qxd2 Qd8 29. Qc2 $2 {[%mdl 8192] This costs White the game.} (29. Qxd8 $17 Bxd8 30. Kf1) 29... Ba5 $19 30. Ba3 {[#]} Qd3 $1 {[%mdl 512]} 31. Qb3 Kg6 {( -> ...Qe2)} 32. Bxc5 $2 (32. hxg5 hxg5 33. Bxc5) 32... Qe2 {Weighted Error Value: White=0.68/Black=0.14} 0-1

[Event "14th SRB-ch 2020"]
[Site "Vrnjacka Banja"]
[Date "2020.12.08"]
[Round "3.4"]
[White "Damljanovic, Branko"]
[Black "Perunovic, Milos"]
[Result "1/2-1/2"]
[WhiteElo "2513"]
[BlackElo "2576"]
[Annotator "TA"]
[PlyCount "46"]
[EventDate "2020.12.07"]
[EventType "tourn"]
[EventCountry "SRB"]

{[%evp 19,46,0,24,0,24,28,22,12,23,29,42,33,34,44,69,70,73,55,76,55,55,58,55,23,53,0,60,0,54]} 1. e4 c5 2. Nf3 e6 3. d3 Nc6 4. g3 g6 5. Bg2 Bg7 6. O-O Nge7 7. c3 O-O 8. Re1 e5 9. a3 d6 10. b4 {[%cal Bb2b4,Bb4b5][%mdl 32]} h6 11. Nbd2 {A04: Unusual lines after 1 Nf3 and King's Indian Attack.} Be6 12. b5 Na5 13. c4 Qd7 14. Bb2 {[#]} f5 $146 ({Predecessor:} 14... b6 15. a4 Nb7 16. Nb1 f5 17. exf5 Bxf5 18. Qc2 Rf7 19. Nc3 Raf8 20. Nd2 Bh3 {0-1 (70) Belotti,B (2419)-Markowski,T (2549) Bled 2002}) 15. Bc3 b6 16. exf5 Nxf5 17. Bxa5 bxa5 18. Ne4 g5 19. Rb1 Rab8 20. h3 Ne7 21. Nh2 Nf5 22. Nf3 Ne7 23. Nh2 Nf5 {Weighted Error Value: White=0.16/Black=0.12} 1/2-1/2

[Event "14th SRB-ch 2020"]
[Site "Vrnjacka Banja"]
[Date "2020.12.08"]
[Round "3.5"]
[White "Cabarkapa, Novak"]
[Black "Todorovic, Goran M"]
[Result "1/2-1/2"]
[WhiteElo "2463"]
[BlackElo "2417"]
[Annotator "TA"]
[PlyCount "96"]
[EventDate "2020.12.07"]
[EventType "tourn"]
[EventCountry "SRB"]
[SourceTitle "playchess.com"]
[Source "ChessBase"]
[SourceQuality "1"]

{[%evp 9,96,-11,1,-1,-9,-7,25,0,0,0,-1,-4,0,0,0,0,-5,-78,0,0,0,0,0,-12,-5,0,0,0,0,-14,0,0,0,-2,0,-13,-12,-54,0,-9,12,0,0,0,0,-18,10,0,0,0,0,-86,-80,-94,-75,-61,-63,-54,-56,-54,-49,-70,-10,-13,-13,-14,0,0,0,-77,0,-14,0,-12,0,-8,-8,-8,0,-8,-8,-22,-6,-8,-8,-8,-8,-8,-8]} 1. d4 d5 2. Nc3 Nf6 3. Bf4 a6 4. e3 e6 5. g4 Bb4 6. Nge2 {[#] D00: 1 d4 d5: Unusual lines.} h6 $146 ({Predecessor:} 6... O-O 7. a3 Be7 8. Ng3 c5 9. g5 Nfd7 10. Qh5 Re8 11. h4 Nc6 12. O-O-O b5 13. dxc5 {0-1 (26) Artemiev,V (2708)-Giri,A (2764) Chess.com INT 2020}) 7. a3 Bd6 (7... Bf8 {is interesting.} 8. f3 c5 9. Qd2 b5 10. h4 Bb7) 8. Ng3 {White has an edge.} Bxf4 9. exf4 Nc6 10. Be2 Qd6 11. Qd2 Bd7 12. h4 O-O-O 13. b4 {[#]} (13. h5 $11) 13... Ne4 (13... Ne7 $1 $17) 14. Ngxe4 $11 dxe4 15. O-O-O f5 16. Rhg1 Kb8 17. gxf5 exf5 18. d5 Ne7 19. h5 Rhg8 20. f3 exf3 21. Bxf3 g6 22. Kb1 gxh5 23. Bxh5 Bc8 (23... Rxg1 $15 24. Rxg1 c5 25. bxc5 Qxc5 {[%mdl 64] Double Attack}) 24. Rxg8 Rxg8 25. Qe3 Bd7 26. Kb2 Nc8 27. Qd4 Nb6 28. Re1 Rg3 29. Be8 Bc8 30. a4 (30. Re5 $11 {remains equal.}) 30... Rf3 $17 31. Re5 Rxf4 32. Qxf4 Qxe5 $1 {[%mdl 64] [#] Decoy} 33. Qxe5 Nc4+ {[%mdl 64] Double Attack} 34. Kb3 Nxe5 $15 {[%mdl 4096] Endgame KBN-KBN} 35. Ne2 Ng4 (35... Bd7 $15 36. Bxd7 Nxd7) 36. Nf4 $11 Nf6 37. Bg6 Bd7 38. c4 Kc8 39. Kc3 (39. a5 $1 $11 {keeps the balance.}) 39... Kd8 (39... Bxa4 $17 40. Bxf5+ Bd7) 40. Kd4 {The position is equal.} Ke7 41. c5 Ng4 42. b5 axb5 43. axb5 Bxb5 {...Kf6 is the strong threat.} 44. Bxf5 Bd7 45. Be4 Kf6 46. c6 bxc6 47. dxc6 {Threatens to win with Nd5+.} Be6 48. Bf3 Nh2 {Accuracy: White = 82%, Black = 84%.} 1/2-1/2

[Event "14th SRB-ch 2020"]
[Site "Vrnjacka Banja"]
[Date "2020.12.09"]
[Round "4.1"]
[White "Lajthajm, Borko"]
[Black "Todorovic, Goran M"]
[Result "0-1"]
[WhiteElo "2383"]
[BlackElo "2417"]
[Annotator "ChessBase"]
[PlyCount "118"]
[EventDate "2020.12.07"]
[EventType "tourn"]
[EventCountry "SRB"]
[SourceTitle "playchess.com"]
[Source "ChessBase"]
[SourceQuality "1"]
[TimeControl "40/5400+30:1800+30"]

1. e4 {[%emt 0:00:00]} c5 {[%emt 0:00:00]} 2. c3 {[%emt 0:00:00]} d6 {[%emt 0:00:00]} 3. d4 {[%emt 0:00:00]} Nf6 {[%emt 0:00:01]} 4. dxc5 {[%emt 0:00:00]} Nc6 {[%emt 0:00:13]} 5. Qc2 {[%emt 0:06:37]} dxc5 {[%emt 0:00:34]} 6. Bf4 {[%emt 0:00:26]} g6 {[%emt 0:11:26]} 7. Nd2 {[%emt 0:02:15]} Bg7 {[%emt 0:00:17]} 8. Rd1 {[%emt 0:00:41]} Nd7 {[%emt 0:06:18]} 9. Bb5 {[%emt 0:01:02]} O-O {[%emt 0:01:23]} 10. Ngf3 {[%emt 0:00:26]} Qb6 {[%emt 0:06:04]} 11. a4 {[%emt 0:01:43]} Nde5 {[%emt 0:00:29]} 12. Nxe5 {[%emt 0:06:55]} Nxe5 {[%emt 0:00:25]} 13. O-O {[%emt 0:02:42]} a6 {[%emt 0:14:13]} 14. Be2 {[%emt 0:00:17]} Qc6 {[%emt 0:00:42]} 15. Nc4 {[%emt 0:01:38]} Nxc4 {[%emt 0:10:52]} 16. Bxc4 {[%emt 0:01:39]} Bg4 {[%emt 0:00:26]} 17. f3 {[%emt 0:00:49]} Be6 {[%emt 0:00:07]} 18. Bxe6 {[%emt 0:05:17]} Qxe6 {[%emt 0:00:20]} 19. Rd5 {[%emt 0:00:09]} c4 {[%emt 0:13:54]} 20. Rfd1 {[%emt 0:01:29]} f5 {[%emt 0:00:20]} 21. Be3 {[%emt 0:03:56]} Rac8 {[%emt 0:00:55]} 22. a5 {[%emt 0:00:34]} Rc6 {[%emt 0:09:33]} 23. Bb6 {[%emt 0:04:13]} fxe4 {[%emt 0:05:13]} 24. Qxe4 {[%emt 0:00:23]} Qxe4 {[%emt 0:00:08]} 25. fxe4 {[%emt 0:00:05]} Re6 {[%emt 0:00:04]} 26. Re1 {[%emt 0:00:32]} Rf4 {[%emt 0:00:28]} 27. Rd7 {[%emt 0:01:39]} Rfxe4 {[%emt 0:00:35]} 28. Rxe4 {[%emt 0:01:43]} Rxe4 {[%emt 0:00:01]} 29. Kf1 {[%emt 0:02:27]} Re5 {[%emt 0:01:02]} 30. Rxb7 {[%emt 0:00:10]} Rb5 {[%emt 0:00:23]} 31. Ra7 {[%emt 0:00:11]} Rxb2 {[%emt 0:00:09]} 32. Rxa6 {[%emt 0:00:05]} Bxc3 {[%emt 0:00:11]} 33. Ra8+ {[%emt 0:00:13]} Kf7 {[%emt 0:00:08]} 34. Be3 {[%emt 0:00:10]} Bd2 {[%emt 0:00:51]} 35. Bd4 {[%emt 0:02:35]} c3 {[%emt 0:00:47]} 36. Ke2 {[%emt 0:00:13]} e5 {[%emt 0:02:13]} 37. Be3 {[%emt 0:07:36]} Bxe3+ {[%emt 0:04:46]} 38. Kxe3 {[%emt 0:00:04]} Rxg2 {[%emt 0:00:09]} 39. Ra7+ {[%emt 0:00:26]} Kg8 {[%emt 0:03:16]} 40. Kd3 {[%emt 0:00:04]} Rxh2 {[%emt 0:08:40]} 41. Kxc3 {[%emt 0:30:05]} h5 {[%emt 0:09:05]} 42. Kb3 {[%emt 0:00:00]} Rh1 {[%emt 0:02:14]} 43. Kb2 {[%emt 0:00:00]} Rd1 {[%emt 0:03:15]} 44. Rb7 {[%emt 0:00:00]} Rd6 {[%emt 0:07:33]} 45. Rb6 {[%emt 0:00:00]} Rd5 {[%emt 0:01:24]} 46. Rxg6+ {[%emt 0:00:00]} Kh7 {[%emt 0:00:05]} 47. Ra6 {[%emt 0:00:00]} h4 {[%emt 0:00:06]} 48. Ra7+ {[%emt 0:00:00]} Kg6 {[%emt 0:00:33]} 49. Ra6+ {[%emt 0:00:00]} Kg5 {[%emt 0:00:45]} 50. Ra8 {[%emt 0:00:00]} h3 {[%emt 0:00:17]} 51. a6 {[%emt 0:00:00]} Ra5 {[%emt 0:00:42]} 52. Kc3 {[%emt 0:00:00]} h2 {[%emt 0:02:01]} 53. Rh8 {[%emt 0:00:00]} Ra3+ {[%emt 0:02:02]} 54. Kc4 {[%emt 0:00:00]} Rxa6 {[%emt 0:02:05]} 55. Rxh2 {[%emt 0:00:00]} Rd6 {[%emt 0:00:02]} 56. Rf2 {[%emt 0:00:00]} e4 {[%emt 0:00:23]} 57. Kc3 {[%emt 0:00:00]} Kg4 {[%emt 0:00:25]} 58. Kc2 {[%emt 0:00:00]} e3 {[%emt 0:00:23]} 59. Rf7 {[%emt 0:00:00]} e2 {[%emt 0:00:56]} 0-1

[Event "14th SRB-ch 2020"]
[Site "Vrnjacka Banja"]
[Date "2020.12.09"]
[Round "4.2"]
[White "Perunovic, Milos"]
[Black "Cabarkapa, Novak"]
[Result "1/2-1/2"]
[WhiteElo "2576"]
[BlackElo "2463"]
[Annotator "TA"]
[PlyCount "51"]
[EventDate "2020.12.07"]
[EventType "tourn"]
[EventCountry "SRB"]
[SourceTitle "playchess.com"]
[Source "ChessBase"]
[SourceQuality "1"]

{[%evp 23,36,25,47,31,29,12,7,23,21,18,7,22,14,0,0]} 1. e4 e5 2. Nf3 Nc6 3. Bb5 a6 4. Ba4 Nf6 5. O-O Nxe4 6. d4 b5 7. Bb3 d5 8. dxe5 Be6 9. Nbd2 {[%cal Bb1d2,Bd2b3,Bb3d4][%mdl 32]} Be7 10. c3 O-O 11. Bc2 f5 12. Nb3 Qd7 13. Nbd4 {C83: Open Ruy Lopez: 9 c3 Be7.} Nd8 14. Nxe6 Nxe6 15. Nd4 Nxd4 16. cxd4 {The position is equal.} c5 17. f3 cxd4 18. fxe4 fxe4 {[#] Black got outplayed after the opening.  Weighted Error Value: White=0.09/Black=0.00} {Predecessor:} 19. Bf4 $146 d3 20. Bxd3 exd3 21. Qxd3 Qe6 22. Rad1 Rad8 23. h3 Bc5+ 24. Kh1 h6 25. Bg3 Rxf1+ 26. Rxf1 {0-1 (42) Gabdrakhmanov,A (2328)-Sanal,V (2581) chess.com INT 2020} 1/2-1/2

[Event "14th SRB-ch 2020"]
[Site "Vrnjacka Banja"]
[Date "2020.12.09"]
[Round "4.3"]
[White "Indjic, Aleksandar"]
[Black "Damljanovic, Branko"]
[Result "0-1"]
[WhiteElo "2604"]
[BlackElo "2513"]
[Annotator "TA"]
[PlyCount "62"]
[EventDate "2020.12.07"]
[EventType "tourn"]
[EventCountry "SRB"]
[SourceTitle "playchess.com"]
[Source "ChessBase"]
[SourceQuality "1"]

{[%evp 9,62,6,12,9,24,11,32,24,39,39,48,38,57,56,42,33,66,66,68,61,52,46,63,56,37,0,0,7,0,0,14,-13,-7,-33,-33,-54,-37,-83,-85,-282,-189,-341,-357,-331,-331,-302,-339,-664,-635,-861,-869,-863,-834,-816,-808]} 1. d4 Nf6 2. Nf3 g6 3. Nbd2 Bg7 4. e4 d6 5. Bb5+ c6 6. Bd3 {B07: Pirc Defence: Miscellaneous Systems.} Nh5 {[#]} 7. Nb3 $146 ({Predecessor:} 7. O-O Nf4 8. Bc4 b5 9. Bb3 Qd7 10. Nb1 Qg4 11. Bxf4 Qxf4 12. g3 Qg4 13. Qd3 {1-0 (41) Van den Doel,E (2583)-Colin,V (2359) Rochefort 2020}) 7... e5 8. c3 {White is slightly better.} h6 9. Be3 Nd7 10. Qd2 Qe7 11. dxe5 dxe5 12. a4 {[%cal Ba2a4,Ba4a5][%mdl 32]} g5 13. g3 b6 14. Qe2 Ndf6 15. a5 Rb8 $1 16. Nfd2 O-O 17. f3 Rd8 18. O-O Bh3 19. Rfd1 c5 20. Bc2 g4 21. axb6 axb6 22. fxg4 Nxg4 23. Nf3 Rxd1+ 24. Rxd1 $2 {[#] This move loses the game for White.} (24. Bxd1 $17 Nxe3 25. Qxe3) 24... c4 $1 $19 {[%mdl 512]} 25. Nbd2 $2 (25. Nc1) (25. Qxc4 Nxe3) 25... Nxe3 26. Qxe3 {[#]} Nf6 $1 {[%cal Rf6g4] ...Ng4 is the strong threat.} 27. Kh1 {[#]} Ng4 $1 {[%cal Rg4e3]} 28. Qg1 $2 (28. Qe2 Qc5 29. Rf1) 28... Bf8 {Black is clearly winning.} 29. Re1 Qf6 30. Re2 Bc5 31. Qe1 Rd8 {Weighted Error Value: White=0.38/Black=0.04} 0-1

[Event "14th SRB-ch 2020"]
[Site "Vrnjacka Banja"]
[Date "2020.12.09"]
[Round "4.4"]
[White "Markus, Robert"]
[Black "Ivanisevic, Ivan"]
[Result "1/2-1/2"]
[WhiteElo "2592"]
[BlackElo "2608"]
[Annotator "TA"]
[PlyCount "36"]
[EventDate "2020.12.07"]
[EventType "tourn"]
[EventCountry "SRB"]
[SourceTitle "playchess.com"]
[Source "ChessBase"]
[SourceQuality "1"]

{[%evp 15,16,33,52]} 1. d4 Nf6 2. c4 e6 3. Nf3 c5 4. d5 d6 5. Nc3 g6 6. e4 Bg7 7. Be2 O-O $1 {7...0-0 is better than 7...exd5. 7...exd5 is vanishing.} 8. O-O Re8 {[#]} {Predecessor:} 9. h3 $146 {E91: King's Indian: Classical: 6 Be2, unusual replies including 6...c5 and 6...Bg4.} exd5 10. exd5 Ne4 11. Nxe4 Rxe4 12. Bd3 Re8 13. Qc2 Na6 14. a3 Bd7 15. Bg5 Bf6 16. Bf4 Qe7 17. Rae1 Qf8 18. b3 Nc7 {1-0 (39) Cheparinov,I (2670)-Saric,I (2667) chess24.com INT 2020} 1/2-1/2

[Event "14th SRB-ch 2020"]
[Site "Vrnjacka Banja"]
[Date "2020.12.09"]
[Round "4.5"]
[White "Kovacevic, Aleksandar"]
[Black "Budisavljevic, Luka"]
[Result "1-0"]
[WhiteElo "2480"]
[BlackElo "2492"]
[Annotator "ChessBase"]
[PlyCount "113"]
[EventDate "2020.12.07"]
[EventType "tourn"]
[EventCountry "SRB"]
[SourceTitle "playchess.com"]
[Source "ChessBase"]
[SourceQuality "1"]
[TimeControl "40/5400+30:1800+30"]

1. e4 {[%emt 1:30:30]} c5 {[%emt 1:30:30]} 2. Nf3 {[%emt 0:00:30]} e6 {[%emt 0:00:30]} 3. c3 {[%emt 0:00:30]} d5 {[%emt 0:00:30]} 4. exd5 {[%emt 0:00:30]} Qxd5 {[%emt 0:00:30]} 5. d4 {[%emt 0:00:30]} Nf6 {[%emt 0:00:30]} 6. Na3 {[%emt 0:00:30]} Nc6 {[%emt 0:00:30]} 7. Be3 {[%emt 0:00:30]} cxd4 {[%emt 0:00:30]} 8. Nb5 {[%emt 0:00:30]} Qd8 {[%emt 0:00:30]} 9. Nbxd4 {[%emt 0:00:30]} Nd5 {[%emt 0:00:30]} 10. Bg5 {[%emt 0:00:30]} f6 {[%emt 0:00:30]} 11. Nxc6 {[%emt 0:00:30]} bxc6 {[%emt 0:00:30]} 12. Bd2 {[%emt 0:00:30]} Bd6 {[%emt 0:00:30]} 13. c4 {[%emt 0:00:30]} Ne7 {[%emt 0:00:30]} 14. Bd3 {[%emt 0:00:00]} c5 {[%emt 0:00:00]} 15. Qc2 {[%emt 0:00:00]} f5 {[%emt 0:00:00]} 16. Bc3 {[%emt 0:00:00]} O-O {[%emt 0:00:00]} 17. O-O-O {[%emt 0:00:00]} Qc7 {[%emt 0:00:00]} 18. Rhe1 {[%emt 0:00:00]} Nc6 {[%emt 0:00:00]} 19. Qe2 {[%emt 0:00:00]} a5 {[%emt 0:00:00]} 20. g3 {[%emt 0:00:00]} Be7 {[%emt 0:00:00]} 21. Bc2 {[%emt 0:00:00]} Qb6 {[%emt 0:00:00]} 22. Ba4 {[%emt 0:00:00]} Nb4 {[%emt 0:00:00]} 23. b3 {[%emt 0:00:00]} Bf6 {[%emt 0:00:00]} 24. Be5 {[%emt 0:00:00]} Na6 {[%emt 0:00:00]} 25. Rd6 {[%emt 0:00:00]} Qb4 {[%emt 0:00:00]} 26. Bxf6 {[%emt 0:00:00]} gxf6 {[%emt 0:00:00]} 27. Kb2 {[%emt 0:00:00]} Nc7 {[%emt 0:00:00]} 28. a3 {[%emt 0:00:00]} Qb8 {[%emt 0:00:00]} 29. Red1 {[%emt 0:00:00]} Ra7 {[%emt 0:00:26]} 30. Rd8 {[%emt 0:00:00]} Na8 {[%emt 0:00:43]} 31. Qe3 {[%emt 0:00:00]} Raf7 {[%emt 0:01:44]} 32. Be8 {[%emt 0:00:00]} Rc7 {[%emt 0:01:54]} 33. Qh6 {[%emt 0:01:52]} Rb7 {[%emt 0:01:51]} 34. Bb5 {[%emt 0:04:03]} Rbf7 {[%emt 0:00:02]} 35. Qe3 {[%emt 0:05:05]} Qc7 {[%emt 0:04:20]} 36. R8d6 {[%emt 0:00:30]} Qa7 {[%emt 0:00:30]} 37. Rc6 {[%emt 0:00:30]} Rc7 {[%emt 0:00:30]} 38. Rdd6 {[%emt 0:00:30]} Kg7 {[%emt 0:00:30]} 39. Ne1 {[%emt 0:00:30]} Rff7 {[%emt 0:00:30]} 40. Nd3 {[%emt 0:00:30]} Rxc6 {[%emt 0:00:30]} 41. Rxc6 {[%emt 0:30:30]} Qb8 {[%emt 0:30:30]} 42. Nxc5 {[%emt 0:00:30]} Nc7 {[%emt 0:00:30]} 43. a4 {[%emt 0:00:30]} e5 {[%emt 0:00:30]} 44. Qd2 {[%emt 0:00:30]} Bb7 {[%emt 0:00:30]} 45. Rd6 {[%emt 0:00:30]} Qa7 {[%emt 0:00:30]} 46. Qe3 {[%emt 0:00:30]} Qb8 {[%emt 0:00:30]} 47. Nd7 {[%emt 0:00:30]} Qh8 {[%emt 0:00:30]} 48. Nxe5 {[%emt 0:00:30]} Re7 {[%emt 0:00:30]} 49. Rd7 {[%emt 0:00:30]} Rxd7 {[%emt 0:00:30]} 50. Nxd7 {[%emt 0:00:30]} Qd8 {[%emt 0:00:30]} 51. Nc5 {[%emt 0:00:30]} Be4 {[%emt 0:00:30]} 52. Bd7 {[%emt 0:00:30]} Qe7 {[%emt 0:00:30]} 53. Qd4 {[%emt 0:00:30]} h5 {[%emt 0:00:30]} 54. Nxe4 {[%emt 0:00:30]} fxe4 {[%emt 0:00:30]} 55. Bf5 {[%emt 0:00:30]} Qb4 {[%emt 0:00:30]} 56. Qd7+ {[%emt 0:00:30]} Kf8 {[%emt 0:00:30]} 57. Bg6 {[%emt 0:00:30]} 1-0

[Event "14th SRB-ch 2020"]
[Site "Vrnjacka Banja"]
[Date "2020.12.10"]
[Round "5.1"]
[White "Budisavljevic, Luka"]
[Black "Lajthajm, Borko"]
[Result "0-1"]
[WhiteElo "2492"]
[BlackElo "2383"]
[Annotator "TA"]
[PlyCount "58"]
[EventDate "2020.12.07"]
[EventType "tourn"]
[EventCountry "SRB"]
[SourceTitle "playchess.com"]
[Source "ChessBase"]
[SourceQuality "1"]

{[%evp 12,58,45,48,62,51,64,77,82,75,95,76,74,49,45,14,24,-234,56,-81,-81,-60,-66,-66,-87,-67,-83,-96,-63,-92,-61,-82,-93,-191,-192,-197,-200,-186,-157,-239,-235,-322,-293,-451,-451,-791,-784,-784,-773]} 1. d4 Nf6 2. c4 e6 3. Nc3 Bb4 4. e3 c5 5. Nge2 b6 6. a3 Bxc3+ 7. Nxc3 cxd4 {E42: Nimzo-Indian: Rubinstein: 4...c5 5 Ne2.} 8. exd4 d5 9. Bg5 O-O {White is better.} 10. Qf3 Nbd7 11. cxd5 Bb7 12. Bd3 h6 {[#]} 13. h4 $146 ({Predecessor:} 13. Bh4 e5 14. dxe5 Nxe5 15. Qe2 Nxd3+ 16. Qxd3 Re8+ 17. Ne2 Qxd5 18. Rd1 Qxg2 19. Rf1 {0-1 (26) Dakshinya,T (1478)-Kumar,M (1672) Calicut 2013}) 13... Re8 ({But not} 13... hxg5 $2 14. hxg5 g6 15. gxf6 $18) 14. O-O-O $2 {[%mdl 8192]} (14. Qh3 $11) 14... Qc8 $2 ({Black should try} 14... hxg5 $19 15. hxg5 Nxd5 {[%mdl 64] Discovered Attack}) 15. Kb1 (15. Qg3 $1 $14 {was forced to keep a grip.} hxg5 16. hxg5 Nxd5 17. Bh7+ Kf8 18. Qd6+ Ne7 19. Bc2) 15... Nxd5 $17 16. Nxd5 Bxd5 17. Qh5 hxg5 ({Don't go for} 17... Bxg2 $2 18. Rhg1 $18) 18. hxg5 {[%csl Gh1][%cal Rh5h8] [#]} Kf8 19. g6 Ke7 {Hoping for ...f6.} 20. gxf7 Rf8 21. Qg5+ Nf6 {[%cal Bd7f6,Bf6g4,Bg4f2][%mdl 32]} 22. Qxg7 (22. Rc1 $17 Qd7 23. Rc3) 22... Rxf7 $19 23. Qg3 {With the idea Rc1.} Qb8 {Threatens to win with ...Qxg3.} 24. Qe3 Bxg2 25. Rhe1 (25. Rhg1 $17 Bc6 26. Bg6) 25... Bd5 26. f4 Ng4 $1 {[%csl LRe3,LRf4]} 27. Qh3 (27. Qe2 {is a better defense.} Rxf4 28. Bc4) 27... Qxf4 {aiming for ...Nf2.Black is clearly winning.} 28. Rf1 (28. Qh5 $142 Nf6 29. Qe2) 28... Nf2 {[%mdl 64] [#] Double Attack} 29. Qh5 Bf3 {[%mdl 64] Double Attack.  Weighted Error Value: White=0.75/Black=0.26} 0-1

[Event "14th SRB-ch 2020"]
[Site "Vrnjacka Banja"]
[Date "2020.12.10"]
[Round "5.2"]
[White "Ivanisevic, Ivan"]
[Black "Kovacevic, Aleksandar"]
[Result "1/2-1/2"]
[WhiteElo "2608"]
[BlackElo "2480"]
[Annotator "TA"]
[PlyCount "32"]
[EventDate "2020.12.07"]
[EventType "tourn"]
[EventCountry "SRB"]
[SourceTitle "playchess.com"]
[Source "ChessBase"]
[SourceQuality "1"]

{[%evp 13,15,14,16,18]} 1. d4 Nf6 2. Nf3 e6 3. c4 d5 4. e3 c5 5. cxd5 exd5 6. Bb5+ Bd7 7. Bxd7+ Nbxd7 8. dxc5 {[#] An uneventful encounter. D30: Queen's Gambit Declined: Systems without Nc3.} {Predecessor:} Nxc5 $146 9. O-O g6 10. b4 Nce4 11. Bb2 Bg7 12. Nc3 O-O 13. Qb3 Ng4 14. h3 Bxc3 15. Bxc3 Nxc3 16. Qxc3 Nf6 {½-½ (44) Ivanchuk,V (2729)-Wei,Y (2738) Danzhou 2017} 1/2-1/2